| 000 | 01277cab a22002175a 4500 | ||
|---|---|---|---|
| 001 | L153133 | ||
| 008 | 110613e2011 xxk 000 0 eng d | ||
| 035 | _a(Sirsi) u153133 | ||
| 041 | 0 | _aeng | |
| 100 | 1 | _aHatcher, David | |
| 245 | 0 | 0 |
_aMarkets _bEast Anglia |
| 260 | _c2011 | ||
| 490 | 0 |
_aProperty Week _v77(23) 10 June 2011, 51-56(4) |
|
| 520 | _aTesco competes with restaurants to lease Wrenbridge's Benet Street site in Cambridge. Wrenbridge is considering bidding for online games company Jagex's headquarters at Cambridge Science Park. Turnstone Estates plan their East Anglia development drive on two fronts: the Cambridge office market and leisure-led schemes with cinema operator Cineworld. Receivers Allsop have put the 123 acre former British Sugar Broadmeadow site in Ipswich on the market. Mountgrange seeks consent for another phase at Cambridge Research Park. Value retailing is a key investment trend in the region. Former Zest nightclub in Ipswich is to be turned into a conference centre and nightclub. | ||
| 590 | _aKA | ||
| 651 | 4 | _aEast Anglia | |
| 690 | _aPROPERTY-COMMERCIAL PROPERTY-COMMERCIAL PROPERTY FINANCE AND INVESTMENT | ||
| 690 | _aPROPERTY-COMMERCIAL PROPERTY-COMMERCIAL PROPERTY MARKET | ||
| 700 | 1 | _aSewell, Nick | |
| 942 | _n0 | ||
| 999 |
_c83202 _d83202 |
||